Moi, l'enfant autiste ; de l'isolement à l'épanouissement (Record no. 127)

MARC details
000 -LEADER
Leader 01067nam a2200169 4500
003 - IDENTIFIANT DE NUMÉRO DE CONTRÔLE
champ de contrôle OSt
005 - DATE ET HEURE DE LA DERNIÈRE TRANSACTION
champ de contrôle 20241015152228.0
007 - CHAMP FIXE DE DESCRIPTION PHYSIQUE -- INFORMATIONS GENERALES
Leader ta
008 - Éléments de longueur fixe - Renseignements généraux
Leader 241015b |||||||| |||| 00| 0 fre d
020 ## - NUMERO INTERNATIONAL DU LIVRE (ISBN)
ISBN, numéro international normalisé du livre 9782290306789
040 ## - SOURCE DE CATALOGAGE
Agence transcriptrice autismepaimpol.fr
100 ## - Vedette principale - Nom de personne
Nom de personne Collectif (auteur)
Forme complète du nom Judy et Sean BARRON
245 ## - TITLE STATEMENT
Titre Moi, l'enfant autiste ; de l'isolement à l'épanouissement
260 ## - Publication, diffusion, etc. (marque d'éditeur)
Nom de l'éditeur, du diffuseur, etc. J'ai Lu
Date de publication, de diffusion, etc. 13/04/2000
520 ## - SUMMARY, ETC.
Résumé, etc. Quand Judy et Ron, son mari, apprirent que leur fils Sean était autiste, aucun espoir de guérison ne leur fut exprimé. Ils ont pourtant réussi à renouer le dialogue avec leur fils et à l'ouvrir au monde. Judy et Sean, qui travaille aujourd'hui comme employé dans un centre de rééducation, témoignent de leur expérience.
Développement du résumé Une biographie a deux voix. Une mère raconte l'évolution de son enfant autistique, à partir des notes d'un journal rédigé au cours des années; l'enfant autistique devenu adulte (il est né en 1961) raconte ses souvenirs et son cheminement. Des éléments de son texte sont intégrés au récit.
942 ## - ADDED ENTRY ELEMENTS (KOHA)
Type de document Koha Livre
999 ## -
-- 127
-- 127
Holdings
Statut retiré des collections Statut perdu Source de classification / plan de classement Statut endommagé Exclu du prêt Site de rattachement Site actuel Date d'acquisition Total des prêts Code à barres Vu en dernier Prix effectif de Type de document Koha
    Classification décimale de Dewey     Autisme Paimpol - Livres et DVDs Autisme Paimpol - Livres et DVDs 15/10/2024   62 15/10/2024 15/10/2024 Livre

Powered by Koha